| 000 | 00617cab a2200205 4500 | ||
|---|---|---|---|
| 001 | WB2615-40 | ||
| 008 | 090401t1990 xxu||||| |||| 00| 0 eng d | ||
| 035 | _a(Sirsi) u36067 | ||
| 041 | _aeng | ||
| 245 | _aBorehole drains farmers dry | ||
| 260 | _c1990 | ||
| 350 | _a0 | ||
| 490 |
_aSunday Telegraph _v8/4/90 p9 |
||
| 520 | _aA farmer is claiming compensation from the National Rivers Authority because a borehole drilled near their land has taken the water needed for their dairy cattle . | ||
| 650 | _aABSTRACTION | ||
| 650 | _aFARMLAND | ||
| 690 | _aRURAL PRACTICE | ||
| 942 | _n0 | ||
| 948 | _c04/03/1997 | ||
| 999 |
_c23554 _d23554 |
||